Các phương pháp thiết kế lỗ hình trục cán

Wedi'i Gadw mewn:
Manylion Llyfryddiaeth
Prif Awdur: PHAN VĂN HẠ
Fformat: Llyfr
Iaith:Undetermined
Cyhoeddwyd: KHKT
Tagiau: Ychwanegu Tag
Dim Tagiau, Byddwch y cyntaf i dagio'r cofnod hwn!
Thư viện lưu trữ: Trung tâm Học liệu Trường Đại học Cần Thơ
LEADER 00397nam a2200133Ia 4500
001 CTU_45260
008 210402s9999 xx 000 0 und d
082 |a 621.82 
082 |b H100 
100 |a PHAN VĂN HẠ 
245 0 |a Các phương pháp thiết kế lỗ hình trục cán 
245 0 |c PHAN VĂN HẠ 
260 |b KHKT 
980 |a Trung tâm Học liệu Trường Đại học Cần Thơ